Los esclavos felices / (Record no. 59987)
[ view plain ]
| 000 -LEADER | |
|---|---|
| campo de control de longitud fija | 00887nam a2200229 4500 |
| 001 - NÚMERO DE CONTROL | |
| campo de control | 59987 |
| 003 - IDENTIFICADOR DE NÚMERO DE CONTROL | |
| campo de control | ES-MaACL |
| 005 - FECHA Y HORA DE LA ÚLTIMA TRANSACCIÓN | |
| campo de control | 20250531195927.0 |
| 007 - CAMPO FIJO DE DESCRIPCIÓN FÍSICA--INFORMACIÓN GENERAL | |
| campo de control de longitud fija | t| |
| 008 - DATOS DE LONGITUD FIJA--INFORMACIÓN GENERAL | |
| campo de control de longitud fija | 031031s1935 sp ||||1| spa d |
| 080 ## - NÚMERO DE LA CLASIFICACIÓN DECIMAL UNIVERSAL | |
| Número de la Clasificación Decimal Universal | 78 Arriaga, Juan Crisóstomo de |
| 100 1# - ENTRADA PRINCIPAL--NOMBRE DE PERSONA | |
| Nombre de persona | Arriaga Igartua, José de. |
| 9 (RLIN) | 143238 |
| 245 14 - MENCIÓN DEL TÍTULO | |
| Título | Los esclavos felices / |
| Mención de responsabilidad, etc. | Juan de Eresalde ; ópera de J.C. de Arriaga ; antecedentes, comentarios... prólogo de José Subirá ; síntesis de Ángel de Ugarte Revenga ; música de Arriaga ; cubierta de José Arrue. |
| 260 ## - PUBLICACIÓN, DISTRIBUCIÓN, ETC. | |
| Lugar de publicación, distribución, etc. | Bilbao : |
| Nombre del editor, distribuidor, etc. | [s.n.], |
| Fecha de publicación, distribución, etc. | 1935 ( |
| Fabricante | Imp. "Mayli") |
| 300 ## - DESCRIPCIÓN FÍSICA | |
| Extensión | 140 p. ; |
| Dimensiones | 28 cm. |
| 700 1# - ENTRADA AGREGADA--NOMBRE PERSONAL | |
| Nombre de persona | Arriaga, Juan Crisóstomo de. |
| 9 (RLIN) | 139120 |
| 700 1# - ENTRADA AGREGADA--NOMBRE PERSONAL | |
| Nombre de persona | Ugarte-Revenga, Angel de. |
| 9 (RLIN) | 111899 |
| 700 1# - ENTRADA AGREGADA--NOMBRE PERSONAL | |
| Nombre de persona | Subirá, José, |
| Fechas asociadas al nombre | 1882-1980 |
| 9 (RLIN) | 108686 |
| 700 1# - ENTRADA AGREGADA--NOMBRE PERSONAL | |
| Nombre de persona | Arrue, José ( |
| Fechas asociadas al nombre | 1885-1977) |
| 9 (RLIN) | 23393 |
| 852 ## - LOCALIZACIÓN | |
| Ubicación | ES-MaACL |
| Número de control de estantería | 1766-F-23 |
| Estatus retirado | Estado de pérdida | Estado de daño | No para préstamo | Colección | Biblioteca de origen | Biblioteca actual | Ubicación en estantería | Fecha de adquisición | Fuente de adquisición | Total de préstamos | Signatura topográfica completa | Código de barras | Visto por última vez | Precio de reemplazo | Tipo de ítem Koha |
|---|---|---|---|---|---|---|---|---|---|---|---|---|---|---|---|
| Colección de folletos | Biblioteca del Ateneo de Madrid | Biblioteca del Ateneo de Madrid | Depósito folletos | 17/01/2008 | 1766-F-23 | 1062914 | 23/02/2023 | 23/02/2023 | Folleto |
